Detalles MARC
| 000 -LEADER |
| fixed length control field |
01527nam a2200409 a 4500 |
| 005 - FECHA ULTIMA MODIFICACION |
| control field |
20240702092829.0 |
| 008 - CAMPO DE CONTROL (LIBRO) |
| fixed length control field |
100510t1973||||sp a . f |||| 001 0 spa d |
| 041 ## - CODIGO DE IDIOMA |
| Código de idioma del texto/pista de sonido o título separado |
spa |
| 092 ## - SIGNATURA TOPOGRAFICA DEWEY LOCAL |
| número de clasificación |
611 |
| libristica |
82 |
| sección |
TES |
| 100 1# - ENTRADA PRINCIPAL--NOMBRE PERSONAL |
| Nombre personal |
Testut, L. |
| 9 (RLIN) |
145 |
| 245 ## - TITULO PROPIAMENTE DICHO |
| Título |
Tratado de Anatomía Humana. |
| Subtítulo y Título paralelo |
T.2 Angiología. Sistema Nervioso Central / |
| Mención de responsabilidad y remanente de la transcripción de la portada |
L. Testut |
| 250 ## - MENCION DE EDICION |
| Mención de edición |
9a ed. revisada, corregida y aumentada |
| Mención de responsabilidad relacionada con la ed. |
Dibujos de G. Devy y S. Dupret |
| 260 ## - PIE DE IMPRENTA |
| Lugar de publicación, distribución, etc |
Barcelona: |
| Nombre de la editorial, distribuidor, etc |
Salvat; |
| Fecha de publicación |
1973. |
| 300 ## - DESCRIPCION FISICA |
| Extension |
1237 p. |
| Otros detalles físicos |
1074 grabados, varios en color. |
| 500 ## - NOTA GENERAL |
| Nota general |
Testut, L. y Latarjet, A. (1973). Tratado de anatomía humana. T.2 Angiología. Sistema Nervioso Central. (9a ed.). Barcelona : Salvat. |
| 653 ## - TÉRMINO INDIZADO - PALABRAS CLAVES |
| Palabra clave |
Angiología |
| 653 ## - TÉRMINO INDIZADO - PALABRAS CLAVES |
| Palabra clave |
Corazón |
| 653 ## - TÉRMINO INDIZADO - PALABRAS CLAVES |
| Palabra clave |
Pericardio |
| 653 ## - TÉRMINO INDIZADO - PALABRAS CLAVES |
| Palabra clave |
Arterias |
| 653 ## - TÉRMINO INDIZADO - PALABRAS CLAVES |
| Palabra clave |
Sistema de la arteria pulmonar |
| 653 ## - TÉRMINO INDIZADO - PALABRAS CLAVES |
| Palabra clave |
Sistema de la arteria aorta |
| 653 ## - TÉRMINO INDIZADO - PALABRAS CLAVES |
| Palabra clave |
Venas |
| 653 ## - TÉRMINO INDIZADO - PALABRAS CLAVES |
| Palabra clave |
Venas pulmonares (venas correspondientes a la arteria pulmonar) |
| 653 ## - TÉRMINO INDIZADO - PALABRAS CLAVES |
| Palabra clave |
Venas aórticas (venas correspondientes a la arteria aorta) |
| 653 ## - TÉRMINO INDIZADO - PALABRAS CLAVES |
| Palabra clave |
Linfaticos |
| 653 ## - TÉRMINO INDIZADO - PALABRAS CLAVES |
| Palabra clave |
Conductos colectores linfáticos |
| 653 ## - TÉRMINO INDIZADO - PALABRAS CLAVES |
| Palabra clave |
Linfáticos y grupos ganglionares |
| 653 ## - TÉRMINO INDIZADO - PALABRAS CLAVES |
| Palabra clave |
Sistema Nervioso Central |
| 653 ## - TÉRMINO INDIZADO - PALABRAS CLAVES |
| Palabra clave |
Bulbo raquideo |
| 653 ## - TÉRMINO INDIZADO - PALABRAS CLAVES |
| Palabra clave |
Protuberancia anular |
| 653 ## - TÉRMINO INDIZADO - PALABRAS CLAVES |
| Palabra clave |
Cerebelo |
| 653 ## - TÉRMINO INDIZADO - PALABRAS CLAVES |
| Palabra clave |
Ventrículo bulbocerebeloso o cuarto ventrículo |
| 653 ## - TÉRMINO INDIZADO - PALABRAS CLAVES |
| Palabra clave |
Pedúnculos cerebrales. Túberculos cuadrigéminos y acueducto de Silvio |
| 653 ## - TÉRMINO INDIZADO - PALABRAS CLAVES |
| Palabra clave |
Cerebro |
| 700 1# - ENTRADAS SECUNDARIAS - NOMBRE PERSONAL |
| Nombre personal |
Latarjet, A. |
| 9 (RLIN) |
146 |
| 942 ## - ADDED ENTRY ELEMENTS (KOHA) |
| Source of classification or shelving scheme |
Dewey Decimal Classification |
| Item type |
Libros |